| 000 | 00000nam##2200000za#4500 |
| 001 | 9.574810 |
| 003 | CaOODSP |
| 005 | 20210624184350 |
| 007 | cr ||||||||||| |
| 008 | 150406|2008||||xxc|||||o f|0| 0 eng|d |
| 040 | |aCaOODSP|beng |
| 043 | |an-cn--- |
| 086 | 1 |aT41-1/68E-PDF |
| 110 | 1 |aCanada. |bTransport Canada. |
| 245 | 10|aEasyGO Traveler Information System |h[electronic resource] |
| 260 | |aOttawa - Ontario : |bTransport Canada |cJune 2008. |
| 300 | |a4p.|bphotographs |
| 490 | 1 |aCase studies in sustainable transportation |vCase study 68 |
| 500 | |aAt head of title: Urban Transportation Showcase Program. "Region of Waterloo, Ontario". |
| 590 | |a12-36-Supp|b2012-08-22 |
| 775 | 08|tSystème d'information pour les passagers EasyGO |w(CaOODSP)9.604537 |
| 830 | #0|aCase studies in sustainable transportation ;|vCase study 68|w(CaOODSP)9.506851 |
| 856 | 40|ahttp://publications.gc.ca|qPDF|s175 KB|uhttps://publications.gc.ca/collections/collection_2012/tc/T41-1-68-eng.pdf|yCase study 68 |
| 986 | |aTP: 14704E |